00443 2200181 4500001002100000005001500021035002000036008004100056245004800097100001700145250000600162260003400168300001100202084001400213082000800227650001400235990001200249INLIS00000000000023420240502023801 a0010-0424000210240502 0 ind 1 aBermain Sulap : Trik Pikiran /cJoe Fullman aFullman, Joe a1 aSolo :bTiga Serangkai,c2009 a32 hlm a600 JOE b a600 4aNon Fiksi a0732420